000 00357nam a2200157Ia 4500
003 OSt
005 20240102053833.0
008 170524s9999 xx 000 0 und d
020 _a9780070611054
040 _ciimtu
100 _aHayt and Kimmerly
245 0 _aEngineering Circuit Analysis
260 _bTMH New Delhi
260 _c2007
942 _2ddc
_c02
999 _c4839
_d4839